[Event "Open"]
[Site "Kavala GRE"]
[Date "2007.08.05"]
[Round "2"]
[White "Melia, S."]
[Black "Halkias, S."]
[Result "0-1"]
[WhiteElo "2372"]
[BlackElo "2580"]
[PlyCount "72"]
[EventDate "2007.08.05"]
[Source "www.chesslib.no"]
[SourceDate "2004.05.04"]

1. e4 e5 2. Nf3 Nc6 3. Bb5 a6 4. Ba4 d6 5. c3 f5 6. exf5 Bxf5 7. O-O Bd3 8. Re1 Be7 9. Bc2 Bxc2 10. Qxc2 Nf6 11. d4 e4 12. Ng5 d5 13. f3 h6 14. Nh3 O-O 15. Nd2 exf3 16. Nxf3 Rf7 17. Qg6 Bd6 18. Bxh6 Ne7 19. Qg5 Nh7 20. Qg4 Nf6 21. Qg5 Qc8 22. Ne5 Bxe5 23. Rxe5 Ne4 24. Qh5 gxh6 25. Qxh6 Rh7 26. Qe3 Qg4 27. Nf2 Qh4 28. Nxe4 Qxh2+ 29. Kf2 Rf8+ 30. Ke2 dxe4 31. Rg5+ Rg7 32. Rxg7+ Kxg7 33. Qxe4 Ng6 34. Qxb7 Qg3 35. Rf1 Re8+ 36. Kd2 Qe3+ 0-1

[Event "FRG Ch int"]
[Site "Berlin West"]
[Date "1971.??.??"]
[Round "?"]
[White "Damjanovic, Mato"]
[Black "Westerinen, Heikki M J"]
[Result "1/2-1/2"]
[WhiteElo "2500"]
[BlackElo "2450"]
[PlyCount "91"]
[EventDate "1971.09.??"]
[Source "www.chesslib.no"]
[SourceDate "2004.05.04"]

1. e4 e5 2. Nf3 Nc6 3. Bb5 a6 4. Ba4 d6 5. c3 f5 6. exf5 Bxf5 7. d4 e4 8. Ng5 d5 9. f3 h6 10. fxe4 hxg5 11. exf5 Bd6 12. Qe2+ Kf8 13. Kd1 Qf6 14. Nd2 Re8 15. Qf3 Rh4 16. g3 g4 17. Qxd5 Rh5 18. Bb3 Nge7 19. Qe6 Bxg3 20. Qxf6+ gxf6 21. Ne4 Bh4 22. Rg1 Na5 23. Rxg4 Nxb3 24. axb3 Kf7 25. Bd2 Nxf5 26. Ra5 Reh8 27. b4 Nd6 28. Rc5 Rxc5 29. Nxc5 Bg5 30. Bxg5 fxg5 31. Rg2 Rh3 32. Kc1 Rf3 33. Kb1 Kf6 34. Ka2 Kf5 35. d5 g4 36. Ne6 Rd3 37. Rf2+ Ke5 38. Nxc7 Ne4 39. Re2 Rd2 40. Re1 Rxh2 41. Ne6 Kxd5 42. Nf4+ Ke5 43. Ng6+ Kf5 44. Ne7+ Kf4 45. Ng6+ Kf5 46. Ne7+ 1/2-1/2

[Event "Pablo Gorbea mem 6th"]
[Site "Madrid"]
[Date "2002.09.21"]
[Round "6"]
[White "Abreu, Aryam"]
[Black "Moreno Carnero, Javier"]
[Result "1/2-1/2"]
[WhiteElo "2454"]
[BlackElo "2494"]
[PlyCount "54"]
[EventDate "2002.09.16"]
[Source "ChessBase"]
[SourceDate "2002.11.06"]

1. e4 e5 2. Nf3 Nc6 3. Bb5 a6 4. Ba4 d6 5. c3 f5 6. exf5 Bxf5 7. O-O Bd3 8. Re1 Be7 9. Bc2 Bxc2 10. Qxc2 Nf6 11. Ng5 d5 12. Ne6 Qd7 13. Nxg7+ Kf7 14. Nf5 e4 15. Nh6+ Kg7 16. d3 Bc5 17. d4 Bd6 18. Qd2 Rhf8 19. Qg5+ Kh8 20. Be3 Ne7 21. Nd2 Qe6 22. f3 Rg8 23. Nxg8 Rxg8 24. Qh4 Nf5 25. Qh3 Nxe3 26. Qxe6 Rxg2+ 27. Kh1 Rxh2+ 1/2-1/2

[Event "Petrov mem op"]
[Site "St Petersburg"]
[Date "2002.02.16"]
[Round "5"]
[White "Klimov, Sergey"]
[Black "Yandemirov, Valeri"]
[Result "0-1"]
[WhiteElo "2433"]
[BlackElo "2502"]
[PlyCount "112"]
[EventDate "2002.02.12"]
[Source "ChessBase"]
[SourceDate "2002.03.14"]

1. e4 e5 2. Nf3 Nc6 3. Bb5 a6 4. Ba4 d6 5. c3 f5 6. exf5 Bxf5 7. O-O Bd3 8. Re1 Be7 9. Bc2 Bxc2 10. Qxc2 Nf6 11. d4 e4 12. Ng5 d5 13. f3 h6 14. Nh3 O-O 15. Nd2 exf3 16. Nxf3 Rf7 17. Nf2 Bd6 18. Bd2 Qf8 19. Ne5 Re7 20. Ng6 Rxe1+ 21. Rxe1 Qf7 22. Ne5 Qh5 23. g4 Qh4 24. Qf5 Bxe5 25. dxe5 Nh7 26. Qe6+ Kh8 27. Qxd5 Rd8 28. Qe6 Rf8 29. Re2 Qd8 30. Bc1 Re8 31. Qf5 Qd5 32. e6 Qxa2 33. Nd3 Rf8 34. Qc5 Qa4 35. Nf2 Re8 36. Qh5 Nf6 37. Qf7 Nd8 38. Qxc7 Qb5 39. c4 Qb3 40. e7 Nc6 41. Qf4 Rxe7 42. Rxe7 Nxe7 43. h3 Qc2 44. Be3 Nc6 45. h4 Qxb2 46. g5 Ng8 47. gxh6 Nxh6 48. Ne4 Qb1+ 49. Kg2 Qc2+ 50. Bd2 Nf7 51. Ng5 Nxg5 52. hxg5 Qd3 53. Be3 Kh7 54. Bc5 Kg8 55. Bf8 Qe2+ 56. Kh3 Qe5 0-1

[Event "Donetzk zt"]
[Site "Donetsk"]
[Date "1998.11.12"]
[Round "10"]
[White "Mikhaletz, Lubomir"]
[Black "Miroshnichenko, Evgenij"]
[Result "1/2-1/2"]
[WhiteElo "2495"]
[BlackElo "2440"]
[PlyCount "116"]
[EventDate "1998.11.02"]
[Source "ChessBase"]
[SourceDate "1999.02.01"]

1. e4 e5 2. Nf3 Nc6 3. Bb5 a6 4. Ba4 d6 5. c3 f5 6. d4 fxe4 7. Ng5 d5 8. dxe5 Bc5 9. O-O Bf5 10. e6 Nh6 11. Nf7 Nxf7 12. exf7+ Kxf7 13. Be3 Bxe3 14. fxe3 Kg6 15. Bxc6 bxc6 16. Qa4 Rf8 17. Qxc6+ Rf6 18. Qc5 Rb8 19. b4 Rb5 20. Qd4 c5 21. Qd2 Rb8 22. Na3 h6 23. Nc2 a5 24. bxc5 Rc8 25. Nd4 Rxc5 26. Rf2 Bc8 27. Rxf6+ Qxf6 28. Rf1 Qg5 29. Rf4 a4 30. Rf1 Qe7 31. h3 Kh7 32. Rc1 Qc7 33. Ne2 a3 34. Nf4 Qc6 35. Qd4 Rb5 36. Rc2 Rb2 37. Rd2 Qc4 38. Nxd5 Qxd4 39. Rxd4 Rxa2 40. Ra4 Be6 41. Nb4 Ra1+ 42. Kf2 Bb3 43. Ra6 a2 44. Kg3 g5 45. Ra3 h5 46. Nxa2 Bxa2 47. c4 Kg6 48. Ra6+ Kf5 49. Ra5+ Kf6 50. Ra6+ Ke5 51. Ra5+ Kd6 52. Ra6+ Kc5 53. Ra4 Kb6 54. Ra3 Kc5 55. Ra4 Rc1 56. Rxa2 Kxc4 57. Ra5 h4+ 58. Kg4 Rc2 1/2-1/2

[Event "Barcelona Vulca"]
[Site "Barcelona"]
[Date "1991.??.??"]
[Round "4"]
[White "Vehi Bach, Victor Manuel"]
[Black "Winants, Luc"]
[Result "1-0"]
[WhiteElo "2420"]
[BlackElo "2505"]
[PlyCount "67"]
[EventDate "1991.06.??"]
[Source "ChessBase"]

1. e4 e5 2. Nf3 Nc6 3. Bb5 a6 4. Ba4 d6 5. c3 f5 6. exf5 Bxf5 7. O-O Bd3 8. Re1 Be7 9. Bc2 Bxc2 10. Qxc2 Nf6 11. d4 e4 12. Ng5 d5 13. f3 h6 14. Nh3 O-O 15. Nd2 Bd6 16. fxe4 Bxh2+ 17. Kxh2 Ng4+ 18. Kg3 Qd6+ 19. e5 Qe6 20. Nf3 Ne7 21. Qh7+ Kxh7 22. Nhg5+ hxg5 23. Nxg5+ Kg6 24. Nxe6 Nf2 25. Nf4+ Kh7 26. Kxf2 g5 27. Rh1+ Kg7 28. g3 Ng6 29. Kf3 gxf4 30. Bxf4 Rh8 31. Kg4 Rag8 32. Bg5 Nf8 33. Rxh8 Kxh8 34. Kf5 1-0

[Event "Decin 8th"]
[Site "?"]
[Date "1978.??.??"]
[Round "1"]
[White "Timoscenko Genadij"]
[Black "Trapl Jindrich"]
[Result "1-0"]
[WhiteElo "2530"]
[BlackElo "2390"]
[PlyCount "41"]
[EventDate "1978.??.??"]
[Source "www.chesslib.no"]
[SourceDate "2004.05.04"]

1. e4 e5 2. Nf3 Nc6 3. Bb5 a6 4. Ba4 d6 5. c3 f5 6. exf5 Bxf5 7. O-O Bd3 8. Re1 Be7 9. Bc2 e4 10. Bxd3 exd3 11. Re3 Nh6 12. Rxd3 O-O 13. Re3 Ne5 14. d4 Neg4 15. Re2 Bh4 16. Bxh6 Rxf3 17. gxf3 Nxh6 18. Nd2 Nf7 19. Qb3 Bg5 20. Nf1 d5 21. Rae1 1-0

[Event "Minsk-B"]
[Site "Minsk BLR"]
[Date "1993.??.??"]
[Round "9"]
[White "Bashkov, Viacheslav"]
[Black "Yandemirov, Valeri"]
[Result "1/2-1/2"]
[WhiteElo "2450"]
[BlackElo "2465"]
[PlyCount "29"]
[EventDate "1993.??.??"]
[Source "www.chesslib.no"]
[SourceDate "2004.05.04"]

1. e4 e5 2. Nf3 Nc6 3. Bb5 a6 4. Ba4 d6 5. c3 f5 6. exf5 Bxf5 7. O-O Bd3 8. Re1 Be7 9. Qb3 b5 10. Qd5 Qd7 11. Qxd3 bxa4 12. Qc2 Nf6 13. Qxa4 O-O 14. d3 Nd4 15. Qxd7 1/2-1/2

[Event "RUS-Cup4"]
[Site "Perm"]
[Date "1997.02.09"]
[Round "2"]
[White "Ibragimov, A."]
[Black "Yandemirov, Valeri"]
[Result "1/2-1/2"]
[WhiteElo "2415"]
[BlackElo "2500"]
[PlyCount "68"]
[EventDate "1997.02.02"]
[Source "ChessBase"]

1. e4 e5 2. Nf3 Nc6 3. Bb5 a6 4. Ba4 d6 5. c3 f5 6. exf5 Bxf5 7. O-O Bd3 8. Re1 Be7 9. Bc2 Bxc2 10. Qxc2 g5 11. d4 g4 12. Nfd2 Qd7 13. d5 Nd8 14. c4 Nf6 15. Nc3 Nf7 16. Nde4 O-O 17. Be3 Nxe4 18. Nxe4 b6 19. b4 a5 20. a3 axb4 21. axb4 Qf5 22. c5 Rxa1 23. Rxa1 bxc5 24. bxc5 Bg5 25. Rf1 Bf4 26. Qa4 Ng5 27. Nxg5 Qxg5 28. Bxf4 Qxf4 29. Qd7 dxc5 30. Qxc7 Qd4 31. d6 Rf6 32. Qd8+ Kg7 33. Qe7+ Kg6 34. Qe8+ Kg7 1/2-1/2

[Event "Moscow Alekhine op"]
[Site "Moscow"]
[Date "1996.??.??"]
[Round "8"]
[White "Voitsekhovsky, Stanislav"]
[Black "Yandemirov, Valeri"]
[Result "0-1"]
[WhiteElo "2485"]
[BlackElo "2430"]
[PlyCount "48"]
[EventDate "1996.??.??"]
[Source "www.chesslib.no"]
[SourceDate "2004.05.04"]

1. e4 e5 2. Nf3 Nc6 3. Bb5 a6 4. Ba4 d6 5. c3 f5 6. exf5 Bxf5 7. O-O Bd3 8. Re1 Be7 9. Re3 e4 10. Ne1 Bg5 11. Rg3 Bh4 12. Rh3 Bxf2+ 13. Kxf2 Qf6+ 14. Nf3 Nge7 15. Na3 O-O 16. Nc2 Ne5 17. Nce1 exf3 18. gxf3 N7g6 19. Qb3+ Kh8 20. Qxb7 Nf4 21. Rg3 Qh4 22. Kg1 Ne2+ 23. Kg2 Nxg3 24. hxg3 Qxa4 0-1

[Event "Lloyds Bank Open"]
[Site "London ENG"]
[Date "1994.??.??"]
[Round "10"]
[White "Howell, James C"]
[Black "Lejlic, Samir"]
[Result "1-0"]
[WhiteElo "2495"]
[BlackElo "2420"]
[PlyCount "57"]
[EventDate "1994.08.??"]
[Source "www.chesslib.no"]
[SourceDate "2004.05.04"]

1. e4 e5 2. Nf3 Nc6 3. Bb5 a6 4. Ba4 d6 5. c3 f5 6. exf5 Bxf5 7. O-O Bd3 8. Re1 Be7 9. Bc2 Bxc2 10. Qxc2 Nf6 11. d4 e4 12. Nfd2 d5 13. f3 O-O 14. fxe4 dxe4 15. Nxe4 Nxd4 16. Nxf6+ Bxf6 17. cxd4 Qxd4+ 18. Be3 Qxb2 19. Qc4+ Kh8 20. Nd2 Rae8 21. Nf1 Rxe3 22. Nxe3 Bd4 23. Qd3 c5 24. Kh1 b5 25. Nf5 Bc3 26. Qd6 Rg8 27. Rf1 g6 28. Ne7 Re8 29. Qe6 1-0

[Event "Mercosur Cup"]
[Site "Vicente Lopez"]
[Date "2002.07.21"]
[Round "4"]
[White "Valerga, Diego"]
[Black "Roselli Mailhe, Bernardo"]
[Result "1/2-1/2"]
[WhiteElo "2487"]
[BlackElo "2426"]
[PlyCount "86"]
[EventDate "2002.07.19"]
[Source "ChessBase"]
[SourceDate "2002.09.11"]

1. e4 e5 2. Nf3 Nc6 3. Bb5 a6 4. Ba4 d6 5. c3 f5 6. exf5 Bxf5 7. O-O Bd3 8. Re1 Be7 9. Bc2 Bxc2 10. Qxc2 Qd7 11. d4 exd4 12. cxd4 Nf6 13. Nc3 O-O 14. Bg5 d5 15. Ne5 Nxe5 16. dxe5 Ng4 17. Bxe7 Qxe7 18. Nxd5 Qh4 19. h3 Rxf2 20. Qe4 Rd2 21. Rf1 Qd8 22. Rad1 Qxd5 23. Qxd5+ Rxd5 24. Rxd5 Ne3 25. Rd7 Nxf1 26. Kxf1 Rf8+ 27. Kg1 Re8 28. Rxc7 Rxe5 29. Rxb7 Re2 30. a4 a5 31. Rb5 Kf7 32. Kh2 Kf6 33. Kg3 g5 34. Kf3 Rc2 35. g4 h6 36. Rxa5 Rxb2 37. Rb5 Ra2 38. a5 Ra3+ 39. Ke4 Rxh3 40. Rf5+ Kg6 41. Rf3 Rh4 42. Rg3 h5 43. a6 hxg4 1/2-1/2

[Event "Czech Open GMA"]
[Site "Pardubice CEC"]
[Date "2007.07.27"]
[Round "8"]
[White "Cernousek, L."]
[Black "Yandemirov, V."]
[Result "0-1"]
[WhiteElo "2405"]
[BlackElo "2504"]
[PlyCount "78"]
[EventDate "2007.07.20"]
[Source "www.chesslib.no"]
[SourceDate "2004.05.04"]

1. e4 e5 2. Nf3 Nc6 3. Bb5 a6 4. Ba4 d6 5. c3 f5 6. exf5 Bxf5 7. d4 e4 8. Ng5 Be7 9. d5 b5 10. Bc2 Bxg5 11. Qh5+ g6 12. Qxg5 Qxg5 13. Bxg5 Ne5 14. Nd2 e3 15. Ne4 exf2+ 16. Kxf2 Bxe4 17. Bxe4 Nf6 18. Bxf6 O-O 19. Rhe1 Rxf6+ 20. Kg1 Rff8 21. a4 b4 22. cxb4 Rfb8 23. b5 axb5 24. a5 b4 25. a6 Rb6 26. Rec1 Rbxa6 27. Rxa6 Rxa6 28. Rxc7 Ra2 29. b3 Re2 30. Bc2 Ng4 31. g3 Nxh2 32. Bd3 Nf3+ 33. Kf1 Rb2 34. Bc4 Nd2+ 35. Ke1 Nxb3 36. Rd7 Nc5 37. Rxd6 Rc2 38. Bb5 b3 39. Kd1 Ne4 0-1

[Event "Tch (Men) 2005/2006 BEL"]
[Site "?"]
[Date "2006.02.05"]
[Round "8"]
[White "Nijboer Friso"]
[Black "Laurent Bruno"]
[Result "1/2-1/2"]
[WhiteElo "2571"]
[BlackElo "2337"]
[PlyCount "99"]
[EventDate "2006.??.??"]
[Source "www.chesslib.no"]
[SourceDate "2004.05.04"]

1. e4 e5 2. Nf3 Nc6 3. Bb5 a6 4. Ba4 d6 5. c3 f5 6. exf5 Bxf5 7. O-O Bd3 8. Re1 Be7 9. Bc2 Bxc2 10. Qxc2 Nf6 11. d4 e4 12. Ng5 d5 13. f3 h6 14. Nh3 O-O 15. Nd2 exf3 16. Nxf3 Rf7 17. Qf5 Ne4 18. Qe6 Qd6 19. Qxd6 Bxd6 20. Nd2 Nf6 21. Nf1 Re7 22. Bf4 Bxf4 23. Nxf4 Rae8 24. Rxe7 Rxe7 25. Ng3 Nd8 26. Rf1 Nf7 27. Nf5 Re8 28. Nd3 Ne4 29. Nb4 c6 30. Nd3 Nfd6 31. Nxd6 Nxd6 32. Ne5 Re7 33. a4 Nf7 34. Nd3 Nd6 35. Ne5 Nf7 36. Nxf7 Rxf7 37. Re1 Kf8 38. Re5 Re7 39. Rxe7 Kxe7 40. Kf2 a5 41. Kf3 Kf6 42. Kg4 g6 43. h4 Ke6 44. b4 b6 45. Kf4 Kf6 46. g4 g5+ 47. hxg5+ hxg5+ 48. Ke3 Ke6 49. Kd2 Ke7 50. bxa5 1/2-1/2

[Event "Corr"]
[Site "?"]
[Date "1999.??.??"]
[Round "?"]
[White "Cranbourne Carlos Leon"]
[Black "Miettinen Kristo S"]
[Result "1/2-1/2"]
[WhiteElo "2437"]
[BlackElo "2468"]
[PlyCount "59"]
[EventDate "1999.??.??"]
[Source "www.chesslib.no"]
[SourceDate "2004.05.04"]

1. e4 e5 2. Nf3 Nc6 3. Bb5 a6 4. Ba4 d6 5. c3 f5 6. exf5 Bxf5 7. O-O Bd3 8. Re1 Be7 9. Bc2 Bxc2 10. Qxc2 Nf6 11. d4 e4 12. Ng5 d5 13. f3 h6 14. Nh3 O-O 15. Nd2 exf3 16. Nxf3 Qd7 17. Qg6 Qg4 18. Qxg4 Nxg4 19. Nf4 Rfd8 20. Ne6 Rd7 21. Bf4 Rc8 22. Re2 Bf8 23. Rae1 Rf7 24. h3 Nf6 25. Be5 Ne4 26. Bh2 Bd6 27. Bxd6 Nxd6 28. Nc5 Nd8 29. Ne5 Rf6 30. Ng4 1/2-1/2

[Event "Cassovia op"]
[Site "Kosice"]
[Date "1997.??.??"]
[Round "?"]
[White "Manik, Mikulas"]
[Black "Miroshnichenko, Evgenij"]
[Result "1/2-1/2"]
[WhiteElo "2465"]
[BlackElo "2435"]
[PlyCount "35"]
[EventDate "1997.??.??"]
[Source "www.chesslib.no"]
[SourceDate "2004.05.04"]

1. e4 e5 2. Nf3 Nc6 3. Bb5 a6 4. Ba4 d6 5. c3 f5 6. exf5 Bxf5 7. O-O Bd3 8. Re1 Be7 9. Bc2 Bxc2 10. Qxc2 Nf6 11. d4 e4 12. Ng5 d5 13. Nd2 Ng4 14. Nh3 Qd6 15. Nf1 O-O 16. Qe2 Qd7 17. Bf4 Rf7 18. Bxc7 1/2-1/2

[Event "Komercni Banka op"]
[Site "Pardubice"]
[Date "1997.07.20"]
[Round "4"]
[White "Lugovoi, Aleksei"]
[Black "Khamatgaleev, Alexej"]
[Result "1-0"]
[WhiteElo "2520"]
[BlackElo "2380"]
[PlyCount "49"]
[EventDate "1997.07.17"]
[Source "www.chesslib.no"]
[SourceDate "2004.05.04"]

1. e4 e5 2. Nf3 Nc6 3. Bb5 a6 4. Ba4 d6 5. c3 f5 6. exf5 Bxf5 7. O-O Bd3 8. Re1 Be7 9. Bc2 Bxc2 10. Qxc2 Qd7 11. d4 exd4 12. cxd4 O-O-O 13. d5 Ne5 14. Nd4 Qg4 15. Be3 Qg6 16. Qxg6 hxg6 17. Nc3 Bf6 18. Rad1 Ne7 19. Ne6 Rde8 20. Bg5 Rh7 21. f4 Nc4 22. Rc1 Kd7 23. Bxf6 gxf6 24. b3 Nb6 25. Ne4 1-0

[Event "RUS-Cup4"]
[Site "Perm"]
[Date "1997.02.09"]
[Round "2"]
[White "Brodsky, Michail"]
[Black "Khamatgaleev, Alexej"]
[Result "1-0"]
[WhiteElo "2515"]
[BlackElo "2385"]
[PlyCount "79"]
[EventDate "1997.02.02"]
[Source "ChessBase"]

1. e4 e5 2. Nf3 Nc6 3. Bb5 a6 4. Ba4 d6 5. c3 f5 6. exf5 Bxf5 7. O-O Bd3 8. Re1 Be7 9. Bc2 Bxc2 10. Qxc2 Qd7 11. d4 exd4 12. cxd4 O-O-O 13. Nc3 Bf6 14. Qe4 d5 15. Qd3 Nge7 16. Bg5 Qf5 17. Qxf5+ Nxf5 18. Bxf6 gxf6 19. Rad1 Rd6 20. Kf1 Rg8 21. h3 Kd7 22. Na4 b6 23. Nc5+ Kc8 24. Ne6 Kd7 25. Nf4 Nd8 26. g4 Ng7 27. b4 Nde6 28. Nd3 Rc6 29. g5 Rc2 30. gxf6 Nh5 31. Nde5+ Kd6 32. Nf7+ Kd7 33. N3e5+ Kc8 34. Nh6 Rf8 35. f7 Nhf4 36. Neg4 Kd7 37. Re3 Ke7 38. Ne5 Rxa2 39. Rde1 Kd6 40. Nf5# 1-0

[Event "8th Open"]
[Site "Voronezh"]
[Date "2004.06.19"]
[Round "8"]
[White "Gajsin, Evgenij"]
[Black "Yandemirov, Valeri"]
[Result "1-0"]
[WhiteElo "2404"]
[BlackElo "2494"]
[PlyCount "91"]
[EventDate "2004.06.12"]
[Source "Roberto Alvarez"]
[SourceDate "2004.07.05"]

1. e4 e5 2. Nf3 Nc6 3. Bb5 a6 4. Ba4 d6 5. c3 f5 6. exf5 Bxf5 7. d4 e4 8. d5 exf3 9. Qxf3 Qe7+ 10. Kd1 Be4 11. Qh3 Bxd5 12. Re1 Be4 13. Nd2 Nf6 14. f3 Qd7 15. Nxe4 Qxh3 16. Nxf6+ Kf7 17. gxh3 Kxf6 18. h4 h6 19. Kc2 d5 20. Bf4 Bd6 21. Bxd6 cxd6 22. Bb3 Rac8 23. Rad1 d4 24. Re6+ Kf5 25. Rxd6 Rcd8 26. Rd5+ Kf4 27. Rg1 Rhe8 28. Rxd8 Rxd8 29. Rxg7 d3+ 30. Kd1 Ne5 31. Rxb7 Kxf3 32. Kd2 Kf2 33. Re7 Nf3+ 34. Kd1 Rb8 35. Kc1 Rd8 36. Bc4 Nxh2 37. Bxa6 Nf1 38. Rf7+ Ke1 39. Rxf1+ Kxf1 40. Kd2 Kf2 41. a4 Kg3 42. b4 Ra8 43. b5 Kxh4 44. c4 Kg5 45. c5 Kf6 46. c6 1-0

[Event "Gothenburg Open"]
[Site "Goteborg SWE"]
[Date "1992.??.??"]
[Round "2"]
[White "Ernst, Thomas"]
[Black "Wieweg, Johnny"]
[Result "1-0"]
[WhiteElo "2535"]
[BlackElo "2355"]
[PlyCount "67"]
[EventDate "1992.??.??"]
[Source "www.chesslib.no"]
[SourceDate "2004.05.04"]

1. e4 e5 2. Nf3 Nc6 3. Bb5 a6 4. Ba4 d6 5. c3 f5 6. exf5 Bxf5 7. O-O Bd3 8. Re1 Be7 9. Bc2 Bxc2 10. Qxc2 Nf6 11. d4 O-O 12. Qb3+ Kh8 13. Ng5 Qd7 14. Nf7+ Rxf7 15. Qxf7 d5 16. dxe5 Rf8 17. Qxf8+ Bxf8 18. exf6 gxf6 19. Bf4 Bc5 20. Nd2 Qf5 21. Bg3 Ne5 22. Nb3 Bd6 23. Nd4 Qg4 24. Rad1 h5 25. f3 Qg6 26. f4 Nc4 27. b3 h4 28. Bxh4 Nb2 29. Rd2 c5 30. Nf3 Nd3 31. Re6 Bxf4 32. Rde2 Be5 33. Nxe5 Nxe5 34. R2xe5 1-0

[Event "Cheliabinsk-B"]
[Site "Chelyabinsk RUS"]
[Date "1991.??.??"]
[Round "?"]
[White "Bashkov, Viacheslav"]
[Black "Yandemirov, Valeri"]
[Result "0-1"]
[WhiteElo "2470"]
[BlackElo "2420"]
[PlyCount "138"]
[EventDate "1991.12.??"]
[Source "www.chesslib.no"]
[SourceDate "2004.05.04"]

1. e4 e5 2. Nf3 Nc6 3. Bb5 a6 4. Ba4 d6 5. c3 f5 6. exf5 Bxf5 7. O-O Bd3 8. Re1 Be7 9. Re3 e4 10. Ne1 Bg5 11. Rh3 Qe7 12. Nxd3 exd3 13. Rxd3 Nf6 14. Bxc6+ bxc6 15. Rg3 O-O 16. d3 Rae8 17. Be3 Nd5 18. Nd2 Nxe3 19. fxe3 Bxe3+ 20. Kh1 Bxd2 21. Qxd2 Qe2 22. Qxe2 Rxe2 23. b4 Rxa2 24. Rg1 Ra3 25. d4 Rf2 26. Re3 h6 27. h3 Rc2 28. Re8+ Kh7 29. Re7 Raxc3 30. Rxc7 Rd3 31. Re1 d5 32. Ra7 Rdd2 33. Rxa6 Rxg2 34. Rxc6 Rh2+ 35. Kg1 Rcg2+ 36. Kf1 Rb2 37. Kg1 Rxh3 38. Rc5 Rg3+ 39. Kf1 Rf3+ 40. Kg1 Rg3+ 41. Kf1 Rgg2 42. Rb1 Rbf2+ 43. Ke1 Rf4 44. Rb3 Rxd4 45. Kf1 Ra2 46. Rc1 Rf4+ 47. Kg1 Rg4+ 48. Kf1 Rh4 49. Kg1 Rg4+ 50. Kf1 Rh2 51. Rcb1 Rg6 52. b5 Rb6 53. Rd1 Rh1+ 54. Ke2 Rh2+ 55. Kf1 Rh1+ 56. Ke2 Rxd1 57. Kxd1 Kg6 58. Kd2 Kf5 59. Kc3 g5 60. Kd4 g4 61. Kc5 Rb8 62. Kxd5 Rd8+ 63. Kc6 h5 64. b6 h4 65. Kc7 Rg8 66. b7 g3 67. Rb5+ Kf6 68. Rb6+ Kf7 69. Rb4 g2 0-1

[Event "ol (Men)"]
[Site "Buenos Aires ol (Men)"]
[Date "1978.??.??"]
[Round "?"]
[White "Garcia Martinez, Silvino"]
[Black "Westerinen, Heikki M J"]
[Result "0-1"]
[WhiteElo "2435"]
[BlackElo "2450"]
[PlyCount "138"]
[EventDate "1978.??.??"]
[Source "www.chesslib.no"]
[SourceDate "2004.05.04"]

1. e4 e5 2. Nf3 Nc6 3. Bb5 a6 4. Ba4 d6 5. c3 f5 6. d3 Nf6 7. O-O Be7 8. Bb3 Na5 9. Ng5 Nxb3 10. Qxb3 Rf8 11. exf5 Bxf5 12. Qxb7 h6 13. Ne4 d5 14. Qc6+ Kf7 15. Nxf6 Bxf6 16. Rd1 Kg8 17. d4 e4 18. Bf4 Rf7 19. c4 Rb8 20. Nc3 Bg4 21. Rd2 Bg5 22. Be3 Bxe3 23. fxe3 Qg5 24. Nxd5 Rbf8 25. Re1 Qh4 26. g3 Qg5 27. Nf4 Qa5 28. Rde2 Bxe2 29. Rxe2 Qxa2 30. h4 Qb1+ 31. Kh2 a5 32. h5 Rf5 33. Qe6+ R8f7 34. Rg2 R5f6 35. Qd5 Kh7 36. Qxa5 Qc1 37. Qd2 Qxc4 38. Qc2 Qxc2 39. Rxc2 Rb6 40. Kh3 Rb3 41. Nd5 Rf5 42. Nc3 Rxh5+ 43. Kg4 Rg5+ 44. Kf4 g6 45. g4 Rb7 46. b4 Kg7 47. Nxe4 Rd5 48. Rc6 Rd7 49. Nc5 Rf7+ 50. Ke5 Re7+ 51. Re6 Rxe6+ 52. Nxe6+ Kg8 53. d5 Rxb4 54. Nxc7 Rxg4 55. Kf6 Re4 56. d6 Rxe3 57. d7 Rd3 58. Ke7 h5 59. Ne8 Rxd7+ 60. Kxd7 Kf7 61. Nd6+ Kf6 62. Kc6 Ke5 63. Nc4+ Kf4 64. Kd5 h4 65. Nd2 h3 66. Nf1 g5 67. Kd4 g4 68. Kd3 g3 69. Ke2 h2 0-1

[Event "Open"]
[Site "?"]
[Date "2000.08.21"]
[Round "5"]
[White "Kuzmin Gennadi P"]
[Black "Przedmojski Rafal"]
[Result "1-0"]
[WhiteElo "2528"]
[BlackElo "2349"]
[PlyCount "91"]
[EventDate "2000.??.??"]
[Source "www.chesslib.no"]
[SourceDate "2004.05.04"]

1. e4 e5 2. Nf3 Nc6 3. Bb5 a6 4. Ba4 d6 5. c3 f5 6. exf5 Bxf5 7. d4 e4 8. Qe2 b5 9. Bc2 d5 10. a4 Bd6 11. axb5 axb5 12. Rxa8 Qxa8 13. Nh4 Nge7 14. Nxf5 Nxf5 15. Qxb5 Nfe7 16. Bb3 Qa5 17. Qxa5 Nxa5 18. Ba4+ c6 19. Bg5 Kd7 20. Nd2 Rb8 21. b4 Nb7 22. Ke2 Re8 23. Ra1 Kc7 24. Nf1 Nf5 25. g3 Nd8 26. Bd2 Ne6 27. Ra2 Kb6 28. Kd1 h5 29. Kc1 h4 30. Kb2 hxg3 31. hxg3 Rf8 32. Ne3 Nfxd4 33. cxd4 Rxf2 34. Kb1 Nxd4 35. Bc3 Ne2 36. Be1 Rh2 37. Bd1 Rh1 38. Rxe2 Kb5 39. Nc2 Bxg3 40. Na3+ Kb6 41. Bxg3 Rxd1+ 42. Kb2 c5 43. Bf2 d4 44. Rxe4 Rd2+ 45. Kb3 Rxf2 46. Re6+ 1-0

[Event "Budapest FS02 GM"]
[Site "Budapest"]
[Date "1995.??.??"]
[Round "9"]
[White "Anka, Emil"]
[Black "Varga, Zoltan"]
[Result "0-1"]
[WhiteElo "2410"]
[BlackElo "2460"]
[PlyCount "63"]
[EventDate "1995.02.??"]
[Source "ChessBase"]

1. e4 e5 2. Nf3 Nc6 3. Bb5 a6 4. Ba4 d6 5. c3 f5 6. exf5 Bxf5 7. O-O Bd3 8. Re1 Be7 9. Bc2 Bxc2 10. Qxc2 Nf6 11. d4 O-O 12. d5 e4 13. Ng5 Ne5 14. Ne6 Qd7 15. Nd2 e3 16. Rxe3 Nxd5 17. Nxf8 Nxe3 18. Qxh7+ Kxf8 19. fxe3 Re8 20. e4 Bf6 21. Qh8+ Kf7 22. Qh5+ Kg8 23. Nb3 Nf7 24. Bd2 Qa4 25. Rf1 Qxa2 26. Rxf6 gxf6 27. Qg6+ Kf8 28. Qxf6 Re7 29. Bg5 Re5 30. Bh6+ Ke8 31. Nd4 Qb1+ 32. Kf2 0-1

[Event "Ch Belgium (team) 2006/07"]
[Site "Belgium"]
[Date "2007.01.14"]
[Round "6"]
[White "Gharamian Tigran (FRA)"]
[Black "Vandevoort Pascal (BEL)"]
[Result "1-0"]
[WhiteElo "2477"]
[BlackElo "2392"]
[PlyCount "75"]
[EventDate "2007.??.??"]
[Source "www.chesslib.no"]
[SourceDate "2004.05.04"]

1. e4 e5 2. Nf3 Nc6 3. Bb5 a6 4. Ba4 d6 5. c3 f5 6. exf5 Bxf5 7. O-O Bd3 8. Re1 Be7 9. Bc2 Bxc2 10. Qxc2 g5 11. d4 g4 12. Nfd2 Qd7 13. d5 Nd8 14. Ne4 Nf7 15. Nbd2 h5 16. b4 Ngh6 17. a4 Nf5 18. Qd3 h4 19. f4 gxf3 20. Qxf3 O-O-O 21. Qf2 Kb8 22. b5 a5 23. b6 N7h6 24. Nc4 c6 25. Bxh6 Nxh6 26. Qd2 Nf5 27. Nxa5 Rhg8 28. Re2 c5 29. Nc4 Bf8 30. Nf6 Qf7 31. Nxg8 Qxg8 32. Rf1 Bh6 33. Qd3 Ne7 34. Rf6 Nxd5 35. Rxh6 Qg5 36. Qd2 Nf4 37. Rxd6 Rf8 38. Re3 1-0

[Event "Tula-A"]
[Site "Tula"]
[Date "2000.??.??"]
[Round "6"]
[White "Bairachny, Ruslan"]
[Black "Paronjan, Aleksandar"]
[Result "1/2-1/2"]
[WhiteElo "2442"]
[BlackElo "2423"]
[PlyCount "98"]
[EventDate "2000.12.??"]
[Source "ChessBase"]
[SourceDate "2001.01.11"]

1. e4 e5 2. Nf3 Nc6 3. Bb5 a6 4. Ba4 d6 5. c3 f5 6. d4 fxe4 7. Nxe5 dxe5 8. Qh5+ Kd7 9. d5 b5 10. dxc6+ Kxc6 11. Bc2 Nf6 12. Bg5 Nxh5 13. Bxd8 Bf5 14. g4 Rxd8 15. gxf5 Bc5 16. b4 Be7 17. Rg1 Kb6 18. a4 Bf6 19. Nd2 Nf4 20. Nxe4 Rhe8 21. axb5 axb5 22. Nc5 c6 23. Ra6+ Kc7 24. Ra7+ Kb8 25. Rf7 Nd5 26. Nb7 e4 27. Nxd8 Bxc3+ 28. Ke2 Rxd8 29. Bxe4 Nxb4 30. Rd1 Rxd1 31. Kxd1 h6 32. f4 Bb2 33. Kd2 Kc8 34. h4 Bf6 35. Ke3 Bc3 36. h5 Bf6 37. Ra7 Bb2 38. Kd2 Bd4 39. Rf7 Kd8 40. Kc1 Bc3 41. Kb1 Bf6 42. Rb7 Bd4 43. Kc1 Kc8 44. Rf7 Na2+ 45. Kc2 c5 46. Ra7 Nc3 47. Bf3 b4 48. Kd3 Kd8 49. Rb7 Ke8 1/2-1/2